000 00525nam a2200169Ia 4500
999 _c12782
_d12782
003 OSt
005 20201020092443.0
008 190216s9999||||xx |||||||||||||| ||und||
040 _coclc
082 _a320.954
_bNAY/J
100 _aNayar, Kuldip
_95935
245 4 _aThe Judgement Inside Story Of The Emergency In India /
_cKuldip Nayar
260 _bVikas Publishing House,
_c1972.
_aNew Delhi:
300 _a228p
650 _aEnglish Literature
942 _cBK
_2ddc
_h320.954
_iNAY/J
_k320.954
_mNAY/J